| 000 | 00911nam a2200265Ia 4500 | ||
|---|---|---|---|
| 003 | OSt | ||
| 005 | 20220930091422.0 | ||
| 006 | a|||||r|||| 00| 0 | ||
| 007 | ta | ||
| 008 | 220926b |||||||| |||| 00| 0 eng d | ||
| 024 | _a5901 | ||
| 037 | _cTheses | ||
| 040 |
_aCRL _cCRL _beng |
||
| 041 |
_2eng _aeng |
||
| 100 |
_aRahman Serat _9545612 |
||
| 110 |
_aUniversity of Delhi. Faculty of Medical Sciences. Department of Oral & Maxillofacial Surgery _9545613 |
||
| 245 | 0 | _aRecovery of neurosensory deficit in zygomatic complex fracture- A prospective study | |
| 260 | _c2012 | ||
| 650 | _aSURGERY | ||
| 700 |
_a Dr. I. D. Roy Gu. _9545614 |
||
| 700 |
_a Dr. S. K. Roy Gu. _9545615 |
||
| 700 |
_aUniversity of Delhi. Faculty of Medical Sciences. Department of Oral & Maxillofacial Surgery _9545616 |
||
| 942 |
_cDIS _2CC |
||
| 999 |
_c882058 _d882058 |
||